[Event "Lisbon Christmas op"]
[Site "Lisbon"]
[Date "2014.12.29"]
[Round "6"]
[White "Fuertes Romo, Jose Manuel"]
[Black "Lafourcade, Victor"]
[Result "1-0"]
[WhiteElo "2056"]
[BlackElo "1585"]
[PlyCount "79"]
[EventDate "2014.12.26"]
[EventType "swiss"]
[EventRounds "9"]
[EventCountry "POR"]
[SourceTitle "EXT 2018"]
[Source "ChessBase"]
[SourceDate "2017.10.13"]
[SourceVersion "1"]
[SourceVersionDate "2017.10.13"]
[SourceQuality "1"]

1. e4 c5 2. Nf3 d6 3. g3 Nf6 4. d3 g6 5. Bg2 Bg7 6. 0-0 0-0 7. Re1 Nc6 8. h3 Bd7 9. Nbd2 Rc8 10. Nf1 b5 11. N3h2 h5 12. Ne3 a6 13. f4 Rc7 14. g4 Qc8 15. c3 b4 16. Bd2 a5 17. Nd5 Nxd5 18. exd5 Nd8 19. Rxe7 hxg4 20. hxg4 Bf6 21. Re3 Re8 22. Rxe8+ Bxe8 23. g5 Bg7 24. Qf3 Re7 25. Ng4 Bd7 26. Nf6+ Bxf6 27. gxf6 Re8 28. Re1 Rxe1+ 29. Bxe1 Bg4 30. Qe3 Nb7 31. Bh4 c4 32. dxc4 Nc5 33. cxb4 axb4 34. f5 Bxf5 35. Bg3 Qf8 36. Qe7 Qxe7 37. fxe7 Bd7 38. Bxd6 Nd3 39. c5 f5 40. c6 1-0

[Event "Cadiz op 17th"]
[Site "Cadiz"]
[Date "2010.07.09"]
[Round "6.5"]
[White "Fuertes Romo, Jose Manuel"]
[Black "Urbina Perez, Juan Antonio"]
[Result "0-1"]
[WhiteElo "1837"]
[BlackElo "2189"]
[PlyCount "48"]
[EventDate "2010.07.05"]
[EventType "swiss"]
[EventRounds "7"]
[EventCountry "ESP"]
[SourceTitle "EXT 2024"]
[Source "ChessBase"]
[SourceDate "2023.10.10"]
[SourceVersion "1"]
[SourceVersionDate "2023.10.10"]
[SourceQuality "1"]

1. e4 c6 2. d4 d5 3. e5 Bf5 4. Nc3 e6 5. g4 Bg6 6. Nge2 c5 7. h4 h6 8. Nf4 Bh7 9. g5 hxg5 10. hxg5 Bxc2 11. Qxc2 Rxh1 12. g6 Qd7 13. gxf7+ Qxf7 14. Bd2 Nc6 15. 0-0-0 0-0-0 16. Bh3 Rxh3 17. Nxh3 Nxd4 18. Qa4 Kb8 19. Be3 Nc6 20. Ng5 Qf5 21. Nce4 dxe4 22. Rxd8+ Nxd8 23. Qe8 Be7 24. Qd7 Bxg5 0-1

[Event "Cadiz op 17th"]
[Site "Cadiz"]
[Date "2010.07.08"]
[Round "5.2"]
[White "Fuertes Romo, Jose Manuel"]
[Black "Burgos Figueroa, Carlos Ernesto"]
[Result "0-1"]
[WhiteElo "1837"]
[BlackElo "2245"]
[PlyCount "42"]
[EventDate "2010.07.05"]
[EventType "swiss"]
[EventRounds "7"]
[EventCountry "ESP"]
[SourceTitle "EXT 2024"]
[Source "ChessBase"]
[SourceDate "2023.10.10"]
[SourceVersion "1"]
[SourceVersionDate "2023.10.10"]
[SourceQuality "1"]

1. e4 c5 2. Nf3 Nc6 3. d4 cxd4 4. Nxd4 g6 5. Nc3 Bg7 6. Be3 Nf6 7. Bc4 Ne5 8. Bb3 Neg4 9. 0-0 Nxe3 10. fxe3 d6 11. Qf3 0-0 12. Rad1 Bg4 13. Qg3 Bxd1 14. Rxd1 Qa5 15. Rf1 Qe5 16. Qxe5 dxe5 17. Nf3 Bh6 18. Nxe5 Bxe3+ 19. Kh1 Bd4 20. Nxf7 Rxf7 21. Ne2 Be5 0-1